| 000 | 00565nam a2200169 a 4500 | ||
|---|---|---|---|
| 001 | 000045557 | ||
| 005 | 20201002052320.0 | ||
| 008 | 150415s2003 dr a 000 0 spa d | ||
| 020 | _a9993468576 | ||
| 040 |
_aDO-SdBNP _bspa _cBNPHU |
||
| 082 |
_axxxx _bxxxx |
||
| 100 | 1 |
_aOrtiz V., Sergio A. _973038 |
|
| 245 | 1 | 0 |
_aPreguntas y respuestas que hay que conocer sobre la seguridad social / _cSergio A. Ortiz V. |
| 260 |
_aSanto Domingo : _bEdiciones JurĂdicas Trajano Potentini, _c2003. |
||
| 300 |
_axxx, 90 p. : _bil. ; _c21 cm. |
||
| 504 | _aBibliografĂa : p. 89-90 | ||
| 999 |
_c45046 _d45046 |
||